Statistiques concernant Villes du Monde sur une carte par lettre - A

Cliquez ici pour prendre le quiz!

Statistiques générales

  • Ce quiz a été pris 10 028 fois
    (9 811 depuis la dernière actualisation)
  • Le résultat moyen est 14 sur 32

Réponses sur la Carte

Les réponses sont colorées sur une échelle allant du rouge au vert en fonction du pourcentage des utilisateurs qui les ont devinées à leur premier essai. Vous pouvez retrouver ces pourcentages ci-dessous.
 

Statistiques - réponses

Villes% Correct
Amsterdam
87%
Alger
85%
Athènes
84%
Ankara
83%
Ajaccio
82%
Angers
76%
Atlanta
64%
Antananarivo
63%
Alexandrie
62%
Abou Dabi
57%
Astana
55%
Asuncion
55%
Auckland
53%
Addis Abeba
50%
Abidjan
47%
Austin
47%
Abuja
38%
Alicante
36%
Adelaïde
34%
Anchorage
34%
Agadir
32%
Achgabat
30%
Acapulco
29%
Alep
27%
Antalya
27%
Aden
17%
Alice Springs
16%
Assouan
16%
Agra
14%
Almaty
13%
Ahmedabad
12%
Arkhangelsk
8%

Distribution des résultats

Percentile par nombre de réponses

% des personnes avec chaque résultat

Votre développement - résultats

Vous n’avez pas pris ce quiz depuis la dernière actualisation